Normal view
MARC view
Entry Topical Term
001 - CONTROL NUMBER
- control field: 41871
003 - CONTROL NUMBER IDENTIFIER
- control field: ARRUPE
005 - DATE AND TIME OF LATEST TRANSACTION
- control field: 20180903085916.0
008 - FIXED-LENGTH DATA ELEMENTS
- fixed length control field: 180903|| aca||aabn | a|a d
040 ## - CATALOGING SOURCE
- Original cataloging agency: ARRUPE
- Transcribing agency: ARRUPE
150 ## - HEADING--TOPICAL TERM
- Topical term or geographic name as entry element: Political sociology.
670 ## - SOURCE DATA FOUND
- Source citation: Work cat.: (ARRUPE)0: The Blackwell companion to political sociology /, c2001.